LEADER 01860nam a2200397 u 4500 001 000000051319 003 CaOOAMICUS 005 20070226115326.0 008 000914s1985 it df u000 u ita u 035 $a10855464 040 $aPUL$bita$dPUL(R) 100 1 $aCappellaro, Juan Bautista.$0(OLS)http://pul/name/34953 245 13$aLa gioventł voce profetica :$bprogetto di Movimento Giovanile Parrocchiale /$cJ.B. Cappellaro, O. Ginori, F. Villaverde. 260 $aAssisi :$bCittadella,$c1985. 300 $a231 p., [1] c. di tav. pieg. :$bdiagr. ;$c24 cm 490 1 $aPastorale/Strumenti 500 $aContiene indici. 504 $aBibliografia in nota. 650 4$aTeologia pastorale.$0(OLS)http://pul/subject/1301 650 4$aGiovani.$0(OLS)http://pul/subject/10127 650 4$aGioventł cattolica.$0(OLS)http://pul/subject/21573 650 4$aFamiglia.$0(OLS)http://pul/subject/1197 700 1 $aGinori, O.$0(OLS)http://pul/name/36867 700 1 $aVillaverde, F.$0(OLS)http://pul/name/36866 830 0$aPastorale/Strumenti.$0(OLS)http://pul/title/68965 850 $aPUL 852 $aPUL$W1$xDP1 Fondo Pastorale$y55$mP11 C 72$j67980$nBK-PRI$b $qFondi$B67980$CPULBib$Z2$F67980 $H $81 852 $aPUL$W1$xDP1 Fondo Pastorale$y55$mP11 C 72$j67980$nBK-PRI$b $qFondi$B67982$CPULBib$Z2$F67982 $HPUL82715 $81 852 $aPUL$W1$xSL Religione 1$y3$m40 L 67$j67981$nBK-PRI$b $qStampati$B67981$CPULBib$Z2$F67981 $H $81 941 1 $a8 941 1 $a1 960 $aPastorale$91301 961 $aINV: 82715 961 $aINV: 54137 996 $6245$aLa gioventł voce profetica :$bprogetto di Movimento Giovanile Parrocchiale$9(OLS)http://pul/title/68979 996 $6260$aAssisi :$bCittadella$9(OLS)http://pul/publisher/49668 LEADER 01476nam a2200337 a 4500 001 000000166838 003 CaOOAMICUS 005 20180323110937.0 008 180323s2017 it d u000 u ita r 020 $a978-88-916-2317-1* 032 $aLibriCat 040 $aPUL$bita 082 04$a362 100 1 $aFazzi, Luca.$0(OLS)http://pul/name/107604 245 10$aPrimo rapporto sulle misericordie in Italia :$bla sfida della comunitą /$cLuca Fazzi, Gianfranco Marocchi. 260 $aSantarcangelo di Romagna :$bMaggioli,$c©2017. 300 $a162 p. :$bgrafici ;$c24 cm. 490 1 $aEsplorazioni ;$v190 504 $aBibliografia in nota. 650 4$aBeneficenza$zItalia.$0(OLS)http://pul/subject/18458 650 4$aEnti non economici.$0(OLS)http://pul/subject/20599 700 1 $aMarocchi, Gianfranco.$0(OLS)http://pul/name/107605 830 0$aEsplorazioni (Maggioli) ;$v190.$0(OLS)http://pul/title/206613 850 $aPUL 852 $aPUL$W1$xSL Diritto e Scienze Sociali 3$y79$m362 FAZLU 1$j191259$qDDC 21$B194350$CPULBib$Z2$F194350 $H130685 $81 941 1 $a9 996 $6020$a978-88-916-2317-1*$9(OLS)http://pul/number/163752 996 $6082$a362$9(OLS)http://pul/classification/3065 996 $6245$aPrimo rapporto sulle misericordie in Italia :$bla sfida della comunitą$9(OLS)http://pul/title/206612 996 $6260$aSantarcangelo di Romagna :$bMaggioli$9(OLS)http://pul/publisher/67439